000 00359nam a2200157Ia 4500
008 210210b1904 xxu||||| |||| 00| 0 eng d
041 _aeng
082 _a887/7
100 _aFOULKES (Ti)
245 _aKALidAsa III
260 _aMaDras
_bGovernment Press
_c1904
650 _aKALidAsa
650 _aIII
690 _aSanskrit Criticism
906 _a024605
999 _c150210
_d150210